Oxford student's dictionary for learners using English to study other subjects

Guardat en:
Dades bibliogràfiques
Format: Llibre
Idioma:Undetermined
Publicat: Oxford Oxford University Press
Matèries:
Etiquetes: Afegir etiqueta
Sense etiquetes, Sigues el primer a etiquetar aquest registre!
Thư viện lưu trữ: Trung tâm Học liệu Trường Đại học Cần Thơ
LEADER 00514nam a2200157Ia 4500
001 CTU_184850
008 210402s9999 xx 000 0 und d
082 |a 423 
082 |b O.98/CD-ROM 
245 0 |a Oxford student's dictionary for learners using English to study other subjects 
260 |a Oxford 
260 |b Oxford University Press 
650 |a English language,Từ điển tiếng Anh 
650 |x dictionary 
904 |i Thuý Vi,Qhieu 
980 |a Trung tâm Học liệu Trường Đại học Cần Thơ